000 00554nam a2200193Ia 4500
003 GCL
008 140319s9999 xx 000 0 ara d
040 _aGCL /
_cGCL
082 0 4 _a819.9
_bس ع
100 1 _aسامح كريم
245 1 0 _aالعقاد : مواقف واعمال /
_cسامح كريم
300 _a47 ص
490 _a
650 0 4 _aالعصر الحديث
650 0 4 _aالادباء المصريون
650 0 4 _aعباس محمود العقاد
650 0 4 _aالادب العربى - تاريخ ونقد
942 _2ddc
_cBK
999 _c38603
_d38603